2025/26 TOP 20 Most Expensive Transfers - Statistics

General Stats
  • This quiz has been taken 84 times
    20 since last reset
  • The average score is 16 of 20
Answer Stats
Value Team Answer % Correct
144M Liverpool Alexander Isak
100%
76M Manchester United Benjamin Sesko
100%
75M Manchester United Bryan Mbeumo
100%
125M Liverpool Florian Wirtz
100%
85M Newcastle United Nick Woltemade
100%
74M Manchester United Matheus Cunha
95%
95M Liverpool Hugo Ekitike
89%
75M Galatasaray Victor Osimhen
89%
66M Arsenal Viktor Gyökeres
89%
70M Bayern Munich Luis Diaz
79%
70M Arsenal Martin Zubimendi
79%
62M Real Madrid Dean Huijsen
68%
65M Tottenham Xavi Simons
68%
69M Arsenal Eberechi Eze
63%
57M Newcastle United Yoane Wissa
63%
61M Newcastle United Anthony Elanga
58%
63M PSG Ilya Zabarnyi
58%
63M Chelsea Joao Pedro
53%
68M Al-Qadsiah Mateo Retegui
53%
63M Tottenham Mohammed Kudus
53%
No matching quizzes found
Score Distribution
Percent of People with Each Score
Percentile by Number Answered
Your Score History
You have not taken this quiz since the last reset